[Event "Medellin Flores op 19th"]
[Site "Medellin"]
[Date "2013.08.06"]
[Round "6"]
[White "Rengifo, Jose Ignacio"]
[Black "Vasquez Garrido, Nuremberg Adin"]
[Result "1-0"]
[WhiteElo "2147"]
[BlackElo "1967"]
[PlyCount "41"]
[EventDate "2013.08.03"]
[EventType "swiss"]
[EventRounds "9"]
[EventCountry "COL"]
[SourceTitle "CBM 155 Extra"]
[Source "ChessBase"]
[SourceDate "2013.08.26"]
[SourceVersion "1"]
[SourceVersionDate "2013.08.26"]
[SourceQuality "1"]

1. b3 e5 2. Bb2 Nc6 3. c4 Bc5 4. e3 d6 5. f4 exf4 6. Bxg7 Qh4+ 7. g3 fxg3 8. Bg2 gxh2+ 9. Kf1 hxg1Q+ 10. Kxg1 Qg5 11. Bxh8 Bxe3+ 12. dxe3 Qxe3+ 13. Kf1 Bf5 14. Nc3 0-0-0 15. Qf3 Bd3+ 16. Ne2 Qd2 17. Rh3 Bg6 18. Bc3 Qc2 19. Nd4 Nxd4 20. Qxb7+ Kd7 21. Bxd4 1-0

[Event "Medellin Flores op 19th"]
[Site "Medellin"]
[Date "2013.08.04"]
[Round "2"]
[White "Rengifo, Jose Ignacio"]
[Black "Salazar, Monica Maria"]
[Result "1-0"]
[WhiteElo "2147"]
[BlackElo "1910"]
[PlyCount "59"]
[EventDate "2013.08.03"]
[EventType "swiss"]
[EventRounds "9"]
[EventCountry "COL"]
[SourceTitle "CBM 155 Extra"]
[Source "ChessBase"]
[SourceDate "2013.08.26"]
[SourceVersion "1"]
[SourceVersionDate "2013.08.26"]
[SourceQuality "1"]

1. e4 d6 2. Bc4 c5 3. Nf3 Nf6 4. Qe2 Nc6 5. c3 e6 6. d4 d5 7. exd5 Nxd5 8. Bg5 Nf6 9. dxc5 Bxc5 10. Nbd2 0-0 11. Rd1 Qc7 12. Ne4 Nxe4 13. Qxe4 Re8 14. 0-0 b6 15. b4 f5 16. Qxf5 Bd6 17. Qe4 Rb8 18. Rfe1 Nd8 19. Rxd6 Qxd6 20. Bf4 Qf8 21. Bxb8 Bb7 22. Qf4 Nf7 23. Be5 Bd5 24. Bxd5 exd5 25. Bd4 Rxe1+ 26. Nxe1 Qe8 27. Nf3 h6 28. h4 Qd8 29. Qg4 Qf8 30. Qe6 1-0

[Event "COL-ch"]
[Site "Ibague"]
[Date "2013.07.05"]
[Round "7"]
[White "Rengifo, Jose Ignacio"]
[Black "Martinez Romero, Martin"]
[Result "0-1"]
[WhiteElo "2133"]
[BlackElo "2402"]
[PlyCount "112"]
[EventDate "2013.07.01"]
[EventType "swiss"]
[EventRounds "11"]
[EventCountry "COL"]
[SourceTitle "EXT 2014"]
[Source "ChessBase"]
[SourceDate "2013.11.20"]
[SourceVersion "1"]
[SourceVersionDate "2013.11.20"]
[SourceQuality "1"]

1. b3 Nf6 2. Bb2 d6 3. f4 Nc6 4. Nf3 Bg4 5. e3 e5 6. h3 Bxf3 7. Qxf3 e4 8. Bxf6 exf3 9. Bxd8 fxg2 10. Bxg2 Nxd8 11. Nc3 Be7 12. Nb5 Kd7 13. c4 c6 14. Nc3 Bf6 15. 0-0-0 Bxc3 16. dxc3 Kc7 17. f5 f6 18. Rd4 Nf7 19. Rg4 Rhg8 20. Rg1 Ne5 21. Rh4 h6 22. Bh1 Rae8 23. Kd2 Kd7 24. Rg3 Kc7 25. a4 a5 26. Kc2 Nd7 27. Kd2 Nc5 28. Kc2 Re7 29. b4 Nd7 30. e4 Ra8 31. Kb3 Ne5 32. Rf4 b5 33. cxb5 cxb5 34. axb5 Kb6 35. Rf2 axb4 36. Rd2 Kxb5 37. Rd5+ Kc6 38. cxb4 Rea7 39. b5+ Kb6 40. Rxd6+ Kxb5 41. Rd5+ Kb6 42. Rxe5 fxe5 43. Kc4 Rc8+ 44. Kd5 Ra5+ 45. Kd6 Rc6+ 46. Kd7 Ra7+ 47. Kd8 Rf6 48. Rg6 Rxg6 49. fxg6 Kc6 50. Bf3 Kd6 51. Ke8 Ke6 52. Bg4+ Kf6 53. Bf5 Ra3 54. Kd7 Rf3 55. Be6 Rd3+ 56. Bd5 Rxh3 0-1

[Event "COL-ch"]
[Site "Ibague"]
[Date "2013.07.05"]
[Round "8"]
[White "Sanchez, Sebastian"]
[Black "Rengifo, Jose Ignacio"]
[Result "1/2-1/2"]
[WhiteElo "2032"]
[BlackElo "2133"]
[PlyCount "73"]
[EventDate "2013.07.01"]
[EventType "swiss"]
[EventRounds "11"]
[EventCountry "COL"]
[SourceTitle "EXT 2014"]
[Source "ChessBase"]
[SourceDate "2013.11.20"]
[SourceVersion "1"]
[SourceVersionDate "2013.11.20"]
[SourceQuality "1"]

1. c4 Nf6 2. Nc3 g6 3. e4 d6 4. d4 Bg7 5. f4 0-0 6. Nf3 c5 7. d5 Bg4 8. Bd3 e6 9. dxe6 fxe6 10. 0-0 Nc6 11. h3 Bxf3 12. Qxf3 Nd4 13. Qd1 a6 14. Be3 b5 15. cxb5 Nxb5 16. Bxb5 axb5 17. e5 dxe5 18. Bxc5 Re8 19. Nxb5 exf4 20. Rxf4 Rxa2 21. Nd6 Rxa1 22. Qxa1 Qc7 23. b4 Rf8 24. Qe1 Qd7 25. Ne4 Nd5 26. Rxf8+ Bxf8 27. Bxf8 Kxf8 28. Nc5 Qe7 29. Qe5 Kg8 30. Nxe6 Nxb4 31. h4 h6 32. h5 gxh5 33. Qf5 Qf7 34. Qe4 Nd3 35. Qa8+ Kh7 36. Qe4+ Kg8 37. Qa8+ 1/2-1/2

[Event "COL-ch"]
[Site "Ibague"]
[Date "2013.07.04"]
[Round "6"]
[White "Tirado, Juan Camilo"]
[Black "Rengifo, Jose Ignacio"]
[Result "0-1"]
[WhiteElo "2001"]
[BlackElo "2133"]
[PlyCount "106"]
[EventDate "2013.07.01"]
[EventType "swiss"]
[EventRounds "11"]
[EventCountry "COL"]
[SourceTitle "EXT 2014"]
[Source "ChessBase"]
[SourceDate "2013.11.20"]
[SourceVersion "1"]
[SourceVersionDate "2013.11.20"]
[SourceQuality "1"]

1. e4 e5 2. Nf3 Qe7 3. Bc4 d6 4. Nc3 c6 5. a4 Nf6 6. d3 h6 7. Be3 g5 8. h3 Bg7 9. Qe2 Nbd7 10. d4 Nf8 11. dxe5 dxe5 12. 0-0-0 Ng6 13. g3 0-0 14. h4 g4 15. Nd2 Re8 16. Nb3 b6 17. Qd2 Qb4 18. h5 Qxc4 19. hxg6 h5 20. gxf7+ Qxf7 21. Bg5 Be6 22. Bxf6 Bxf6 23. Qh6 h4 24. gxh4 Bg7 25. Qe3 Rf8 26. Rd6 Rae8 27. Nd1 Qc7 28. Qd2 Kh7 29. Kb1 Bh6 30. Ne3 Rxf2 31. Qxf2 Qxd6 32. Nf5 Qf8 33. Qg2 Bxf5 34. exf5 Qxf5 35. Qxc6 Rc8 36. Qb7+ Kh8 37. Rh2 Rd8 38. Qc6 Bf4 39. Re2 g3 40. Ka2 Rc8 41. Qd5 Rf8 42. Qf3 Kh7 43. Re4 Rg8 44. Re2 Kh6 45. Qd5 Qg4 46. Rg2 Rg6 47. Qa8 Kh5 48. Qxa7 Kxh4 49. Qh7+ Bh6 50. Qb7 Qxa4+ 51. Kb1 Qc6 52. Qh7 Kh3 53. Re2 g2 0-1

[Event "COL-ch"]
[Site "Ibague"]
[Date "2013.07.01"]
[Round "1"]
[White "Rengifo, Jose Ignacio"]
[Black "Aponte Martinez, Juan Camilo"]
[Result "1-0"]
[WhiteElo "2133"]
[BlackElo "1910"]
[PlyCount "99"]
[EventDate "2013.07.01"]
[EventType "swiss"]
[EventRounds "11"]
[EventCountry "COL"]
[SourceTitle "EXT 2014"]
[Source "ChessBase"]
[SourceDate "2013.11.20"]
[SourceVersion "1"]
[SourceVersionDate "2013.11.20"]
[SourceQuality "1"]

1. e4 e5 2. Nf3 Nc6 3. Bb5 f5 4. d4 fxe4 5. Nxe5 Nxe5 6. dxe5 c6 7. Bc4 d5 8. exd6 Qxd6 9. 0-0 Nf6 10. Bg5 Ng4 11. Qxd6 Bxd6 12. h3 h6 13. Bd2 Ne5 14. Bb3 Bf5 15. Be3 a5 16. Nc3 0-0-0 17. a4 Kc7 18. Rfd1 Bb4 19. Ne2 Rxd1+ 20. Rxd1 Rd8 21. Bb6+ Kxb6 22. Rxd8 Kc7 23. Rg8 g6 24. g4 Bd7 25. Ng3 e3 26. fxe3 Bd2 27. Kf2 Bc1 28. Ne2 Bxb2 29. Nf4 g5 30. Nd3 Bc3 31. Nxe5 Bxe5 32. Rg6 b5 33. Rxh6 Bd6 34. Rh7 Kd8 35. Kf3 c5 36. axb5 Bxb5 37. Ke4 Bc6+ 38. Bd5 Ba4 39. Kd3 Bd7 40. Rg7 Be7 41. Rg8+ Kc7 42. Ra8 Kb6 43. e4 a4 44. Rb8+ Kc7 45. Rb7+ Kd8 46. e5 Kc8 47. Kc4 Bf8 48. Ra7 Be8 49. Ra8+ Kd7 50. Bc6+ 1-0

[Event "Medellin GP Feria de Flores"]
[Site "Medellin"]
[Date "2009.08.05"]
[Round "2.1"]
[White "Rengifo, Jose Ignacio"]
[Black "Arenas Vanegas, David"]
[Result "0-1"]
[WhiteElo "2130"]
[BlackElo "2266"]
[PlyCount "100"]
[EventDate "2009.08.05"]
[EventType "swiss"]
[EventRounds "9"]
[EventCountry "COL"]
[SourceTitle "EXT 2024"]
[Source "ChessBase"]
[SourceDate "2023.10.10"]
[SourceVersion "1"]
[SourceVersionDate "2023.10.10"]
[SourceQuality "1"]

1. b3 e5 2. Bb2 Nc6 3. c4 Nf6 4. Nc3 g6 5. g3 Bg7 6. Bg2 d6 7. Nf3 0-0 8. 0-0 h6 9. h3 Nh5 10. e3 f5 11. d4 e4 12. Nd2 Nf6 13. a3 a5 14. Rb1 Bd7 15. Ba1 Ne7 16. d5 c5 17. Qc2 g5 18. b4 axb4 19. axb4 b6 20. bxc5 bxc5 21. Nb5 Ng6 22. Rb3 Bxb5 23. Rxb5 Nd7 24. Bxg7 Kxg7 25. g4 f4 26. Bxe4 Nh4 27. Rb7 Rf7 28. Nf3 Nxf3+ 29. Bxf3 Qf6 30. exf4 Qxf4 31. Be4 Ne5 32. Rxf7+ Kxf7 33. Rb1 Kf6 34. Bg2 Ra7 35. Qb2 Rf7 36. Re1 Kg7 37. Re4 Qf6 38. Qe2 Ra7 39. Qe3 Ra1+ 40. Kh2 Ra4 41. Qe2 Ra3 42. Kh1 Rc3 43. Kg1 Rc1+ 44. Kh2 Rb1 45. Qe3 Rb4 46. Qe2 Rb3 47. Kh1 Nf7 48. Re6 Rb1+ 49. Bf1 Qd4 50. Re4 Rxf1+ 0-1

[Event "Tolima-ch Dptal"]
[Site "Ibague"]
[Date "2001.03.23"]
[Round "2"]
[White "Rengifo, Jose Ignacio"]
[Black "Castillo, Luis Alberto"]
[Result "1-0"]
[WhiteElo "2137"]
[BlackElo "2049"]
[PlyCount "47"]
[EventDate "2001.03.21"]
[EventType "swiss"]
[EventRounds "9"]
[EventCountry "COL"]
[SourceTitle "EXT 2002"]
[Source "ChessBase"]
[SourceDate "2001.11.25"]
[SourceVersion "1"]
[SourceVersionDate "2001.11.25"]
[SourceQuality "1"]

1. d4 d5 2. c4 c6 3. Nc3 Nf6 4. Nf3 e6 5. e3 Bd6 6. Bd3 Nbd7 7. 0-0 0-0 8. e4 dxc4 9. Bxc4 e5 10. Bg5 b5 11. Bb3 b4 12. Na4 h6 13. Bh4 Qe7 14. Re1 c5 15. dxc5 Nxc5 16. Nxc5 Bxc5 17. Rc1 Bg4 18. Bxf6 gxf6 19. h3 Be6 20. Nh4 Kh7 21. Bxe6 fxe6 22. Rxc5 Qxc5 23. Qd7+ Kg8 24. Re3 1-0